000 00793cam a22002533a 4500
001 7073
003 PGUSA
005 20140828083140.0
008 041201s2004||||xxu|||||s|||||000 d eng d
040 _aPGUSA
_beng
042 _adc
050 4 _aPA
100 1 _aSophocles,
_d-496--406
245 1 0 _aSpecimens of Greek Tragedy — Aeschylus and Sophocles
_h[electronic resource] /
_cSophocles
260 _bProject Gutenberg,
_c2004
500 _aExcerpts from various plays of Aeschylus and Sophocles.
506 _aPublic domain in the USA.
516 _aElectronic text
653 _aGreek drama (Tragedy) -- Translations into English
700 1 _aSmith, Goldwin,
_d1823-1910
830 0 _aProject Gutenberg
_v7073
856 4 0 _uhttp://www.gutenberg.org/ebooks/7073
942 _cEB
999 _c236393
_d236393